[Event "VII MIEDZYNARODOWY TURNIEJ SZACHOWY - GORA SW. ANNY - Open "A""]
[Site "Gora Sw. Anny"]
[Date "1899-12-30"]
[Round "4.10"]
[White "Eggink, Ryszard"]
[Black "Grela, Kacper"]
[Result "0-1"]
[WhiteTitle "I++"]
[BlackTitle "I+"]
[WhiteElo "2198"]
[BlackElo "2002"]

1. d4 Nf6 2. c4 c5 3. d5 e6 4. Nc3 exd5 5. cxd5 d6 6. g3 g6 7. Bg2 Bg7 8. Nf3 a6
9. a4 O-O 10. O-O Re8 11. Bf4 Ne4 12. Nxe4 Rxe4 13. Nd2 Rd4 14. Qc2 a5 15. Nc4
Na6 16. Rad1 Nb4 17. Qb3 Rxc4 18. Qxc4 Bxb2 19. Qb3 Bg7 20. e4 g5 21. Bd2 Bd7
22. Rc1 Qe8 23. Bxg5 Bxa4 24. Qf3 Bb5 25. Rfd1 Qe5 26. Qg4 Be2 27. Qxe2 Qxg5 28.
f4 Qe7 29. e5 a4 30. Qb5 a3 31. Be4 a2 32. Kf2 Ra3 33. Qb6 Ra6 34. exd6 Qxe4 35.
Qd8+ Bf8 36. d7 Qe7 37. Qc8 Rd6 38. Qxc5 Rxd7 39. d6 Rxd6 40. Qxb4 Rxd1 0-1

[Event "VII MIEDZYNARODOWY TURNIEJ SZACHOWY - GORA SW. ANNY - Open "A""]
[Site "Gora Sw. Anny"]
[Date "1899-12-30"]
[Round "4.11"]
[White "Czempiel, Henryk"]
[Black "Eggink, Mateusz"]
[Result "0-1"]
[WhiteTitle "I"]
[BlackTitle "I"]
[WhiteElo "1948"]
[BlackElo "2075"]

1. e4 c5 2. d4 cxd4 3. c3 dxc3 4. Nxc3 Nc6 5. Nf3 d6 6. Bc4 a6 7. O-O Nf6 8. Bf4
Bg4 9. h3 Bxf3 10. Qxf3 e6 11. Rfd1 Qb6 12. Rac1 Be7 13. Qg3 Nh5 14. Be3 Nxg3
15. Bxb6 Nh5 16. Bc7 Kd7 17. Bxd6 Bxd6 18. e5 Nxe5 19. Ne4 Ke7 20. Nxd6 Rhd8 21.
Be2 Rxd6 22. Rxd6 Kxd6 23. Bxh5 g6 24. Be2 Nc6 25. Bf3 e5 26. Bxc6 bxc6 27. b3
c5 28. Rc4 f5 29. g3 a5 30. Kf1 Kc6 31. Ke2 Rd8 32. Rc3 Rd4 33. a3 Kb5 34. Re3
e4 35. Rc3 a4 36. bxa4+ Rxa4 37. Ke3 Rc4 38. Rb3+ Ka4 39. Rb7 Rc3+ 40. Ke2 Rxa3
41. Rxh7 Kb3 42. Rb7+ Kc3 43. Rb6 c4 44. Rxg6 Kb2 45. g4 f4 46. Rb6+ Kc2 47. f3
Re3+ 48. Kf2 Rxf3+ 49. Kg2 Rg3+ 50. Kh2 e3 51. Re6 Kd2 52. Rd6+ Ke2 53. Rd4 c3
54. Rxf4 Rf3 0-1

[Event "VII MIEDZYNARODOWY TURNIEJ SZACHOWY - GORA SW. ANNY - Open "A""]
[Site "Gora Sw. Anny"]
[Date "1899-12-30"]
[Round "4.12"]
[White "Pultorak, Jan"]
[Black "Kulas, Szymon"]
[Result "1/2-1/2"]
[WhiteTitle "I"]
[BlackTitle "I++"]
[WhiteElo "1933"]
[BlackElo "2009"]

1. d4 Nf6 2. c4 g6 3. Nc3 Bg7 4. e4 d6 5. Nf3 O-O 6. Be2 e5 7. O-O Nc6 8. Be3 Ng4
9. Bg5 f6 10. Bh4 a5 11. h3 Nh6 12. dxe5 dxe5 13. Nd5 g5 14. Bg3 g4 15. hxg4 Bxg4
16. Qb3 Bxf3 17. Bxf3 Nd4 18. Qxb7 Rf7 19. Bh5 Rd7 20. a3 Rb8 21. Qa6 c6 22. Rac1
cxd5 23. cxd5 f5 24. exf5 Nhxf5 25. Rc3 Qg5 26. Bd1 Rbd8 27. Bb3 Rd6 28. Qc4 Qh5
29. Bd1 Qg6 30. Re1 Nxg3 31. Rxg3 Qf6 32. Re4 Kh8 33. Reg4 Nf5 34. Rf3 Rxd5 35.
Bc2 Qh6 36. Rh3 Qc1+ 37. Kh2 Nh6 38. Rgh4 Qg5 39. Qe4 Qg6 40. Qxd5 Rxd5 41. Bxg6
hxg6 42. Rxh6+ Bxh6 43. Rxh6+ Kg7 44. Rh3 Rd2 1/2-1/2

[Event "VII MIEDZYNARODOWY TURNIEJ SZACHOWY - GORA SW. ANNY - Open "A""]
[Site "Gora Sw. Anny"]
[Date "1899-12-30"]
[Round "4.13"]
[White "Malinovsky, Petr"]
[Black "Oszczanowski, Witold"]
[Result "0-1"]
[WhiteTitle "k"]
[BlackTitle "I+"]
[WhiteElo "2008"]
[BlackElo "2002"]

1. c4 c5 2. e3 g6 3. d4 Bg7 4. Nf3 Nf6 5. Be2 O-O 6. O-O cxd4 7. Nxd4 d6 8. Nc3
Nbd7 9. e4 a6 10. Be3 Ne5 11. f3 b6 12. Kh1 Bb7 13. Rc1 Rc8 14. Qb3 Nfd7 15. Rfd1
Re8 16. Na4 Rb8 17. Qc2 Rc8 18. Qb3 Rb8 19. Qc2 Qc7 20. b3 Rbc8 21. Nc3 Qb8 22.
Qd2 Qa8 23. Na4 Qb8 24. Qe1 Qc7 25. Qg3 Rcd8 26. h4 Bc6 27. Nc3 Nc5 28. h5 a5
29. Nf5 Bf6 30. Nd5 Bxd5 31. cxd5 e6 32. Nh6+ Kh8 33. Bb5 Re7 34. Qf4 Bg7 35.
dxe6 Rxe6 36. Bc4 g5 37. Nxf7+ Nxf7 38. Qg3 Rh6 39. Kg1 Be5 40. Bd4 Bxd4+ 41.
Rxd4 Ne6 42. Rdd1 Qe7 43. Qf2 Nc5 44. g4 Ne5 45. Rd5 Rf6 46. Be2 Nxg4 47. Qd4
Ne5 48. Rd1 Rd7 49. a3 0-1

[Event "VII MIEDZYNARODOWY TURNIEJ SZACHOWY - GORA SW. ANNY - Open "A""]
[Site "Gora Sw. Anny"]
[Date "1899-12-30"]
[Round "4.14"]
[White "Sliwicka, Alicja"]
[Black "Kolasinski, Krzysztof"]
[Result "1/2-1/2"]
[WhiteTitle "WFM"]
[BlackTitle "I++"]
[WhiteElo "1842"]
[BlackElo "2004"]

1. e4 c5 2. Nf3 Nc6 3. d4 cxd4 4. Nxd4 e5 5. Nb5 d6 6. a4 a6 7. N5a3 Be7 8. Nc3
Be6 9. Bc4 Nf6 10. Bg5 O-O 11. Bxf6 Bxf6 12. O-O Rc8 13. Bd5 Qc7 14. Nc4 Nd4 15.
Ne3 b5 16. axb5 axb5 17. Qd3 b4 18. Nb5 Qc5 19. c4 bxc3 20. Nxc3 Qb4 21. Rfb1
Bg5 22. Ra7 Bxe3 23. fxe3 Nc6 24. Ra6 Bd7 25. Na2 Qb8 26. b4 Na7 27. Qb3 Bb5 28.
Ra5 Qb6 29. Kh1 Nc6 30. Ra3 Ne7 31. Nc3 Qxe3 32. Qb2 Qb6 33. Qd2 Bc4 34. Ra5 Bxd5
35. Nxd5 Nxd5 36. Rxd5 Rfd8 37. b5 h6 38. h3 Rc4 39. Qd3 Rc5 40. Rd1 Rxd5 41.
Qxd5 Rb8 42. Rf1 Rb7 43. Rb1 g6 44. Kh2 Kg7 45. Rd1 Rd7 46. Rc1 Rb7 47. Rc6 Qe3
48. Rxd6 Qf4+ 49. Kg1 Qc1+ 50. Kh2 Qf4+ 51. Kg1 Qc1+ 52. Kh2 1/2-1/2

[Event "VII MIEDZYNARODOWY TURNIEJ SZACHOWY - GORA SW. ANNY - Open "A""]
[Site "Gora Sw. Anny"]
[Date "1899-12-30"]
[Round "5.1"]
[White "Sadzikowski, Daniel"]
[Black "Simantsev, Mikhail"]
[Result "1-0"]
[WhiteTitle "IM"]
[BlackTitle "GM"]
[WhiteElo "2470"]
[BlackElo "2459"]

1. Nf3 Nf6 2. c4 e6 3. Nc3 c5 4. g3 b6 5. Bg2 Bb7 6. O-O Be7 7. d4 cxd4 8. Qxd4
d6 9. Bg5 a6 10. Bxf6 Bxf6 11. Qf4 O-O 12. Rfd1 Be7 13. Ne4 Bxe4 14. Qxe4 Ra7
15. Nd4 Rc7 16. b3 Re8 17. a4 Rc5 18. Qb1 Bf6 19. e3 Qc7 20. Ra2 Nd7 21. Rad2
Be7 22. Qa2 Nf6 23. Bf1 Ne4 24. Rc2 a5 25. Nb5 Qb8 26. Bg2 Nf6 27. Rcd2 Rd8 28.
e4 Ne8 29. h4 g6 30. f4 Nf6 31. Bf3 Ne8 32. Kg2 h5 33. Qb1 Nf6 34. Qb2 e5 35.
Rd3 exf4 36. gxf4 Ne8 37. Qd2 Ng7 38. Nxd6 Bxh4 39. e5 Be7 40. Be4 Rc7 41. Nxf7
Kxf7 42. Rxd8 Qxd8 43. Qxd8 Bxd8 44. Rxd8 Ne6 45. Bd5 Ke7 46. Rg8 Nxf4+ 47. Kf3
Nd3 48. Ke4 Nc5+ 49. Ke3 Nxb3 50. Rxg6 Nc5 51. Rxb6 Nxa4 52. Ra6 h4 53. Rxa5 Nb6
54. Kd4 h3 55. Ra3 h2 56. Rh3 Nxd5 57. cxd5 Rc2 58. Rh7+ Kf8 59. e6 Kg8 60. Rh3
Kg7 61. d6 Re2 62. e7 Kf7 63. Rh8 1-0

[Event "VII MIEDZYNARODOWY TURNIEJ SZACHOWY - GORA SW. ANNY - Open "A""]
[Site "Gora Sw. Anny"]
[Date "1899-12-30"]
[Round "5.2"]
[White "Stachowiak, Kamil"]
[Black "Kriebel, Tadeas"]
[Result "1-0"]
[WhiteTitle "IM"]
[BlackTitle "FM"]
[WhiteElo "2442"]
[BlackElo "2375"]

1. Nf3 Nf6 2. c4 g6 3. Nc3 d5 4. cxd5 Nxd5 5. Qb3 Nb6 6. d4 Bg7 7. Bg5 h6 8. Bh4
Be6 9. Qc2 Nc6 10. Rd1 Nb4 11. Qb1 O-O 12. e3 Bf5 13. e4 Bg4 14. d5 f5 15. a3
g5 16. Bg3 f4 17. axb4 fxg3 18. hxg3 Rxf3 19. gxf3 Bxf3 20. Rh2 Bxd1 21. Qxd1
Qf8 22. Bh3 a5 23. bxa5 Rxa5 24. Be6+ Kh8 25. Qh5 Nc4 26. Ke2 Ne5 27. f4 gxf4
28. gxf4 Nc6 29. Ke3 Nd4 30. Qg6 Ra1 31. e5 Nxe6 32. dxe6 Rf1 33. Ne2 c5 34. Qf7
Kh7 35. Rg2 Qxf7 36. exf7 Re1 37. e6 Rd1 38. f5 Rd5 39. Ke4 Rd8 40. Nf4 Rd4+ 41.
Ke3 Rd8 42. Ng6 Bd4+ 43. Ke4 Kg7 44. Nxe7+ Kf6 45. Nd5+ 1-0

[Event "VII MIEDZYNARODOWY TURNIEJ SZACHOWY - GORA SW. ANNY - Open "A""]
[Site "Gora Sw. Anny"]
[Date "1899-12-30"]
[Round "5.3"]
[White "Nurkiewicz, Maciej"]
[Black "Rozycki, Bartlomiej"]
[Result "1/2-1/2"]
[WhiteTitle "m"]
[BlackTitle "I++"]
[WhiteElo "2390"]
[BlackElo "2097"]

1. e4 e5 2. Nf3 Nc6 3. Bb5 Nf6 4. d3 Bc5 5. O-O Nd4 6. Nxd4 Bxd4 7. c3 Bb6 8. d4
c6 9. Ba4 Nxe4 10. Qg4 Nf6 11. Qxg7 Rg8 12. Qh6 Rg6 13. Qh4 Rg4 14. Qh6 Rg6 15.
Qh4 Rg4 16. Qh6 Rg6 1/2-1/2

[Event "VII MIEDZYNARODOWY TURNIEJ SZACHOWY - GORA SW. ANNY - Open "A""]
[Site "Gora Sw. Anny"]
[Date "1899-12-30"]
[Round "5.4"]
[White "Obrusnik, Michal"]
[Black "Piotrowski, Przemyslaw"]
[Result "1-0"]
[WhiteTitle "k+"]
[BlackTitle "I++"]
[WhiteElo "2278"]
[BlackElo "2062"]

1. d4 g6 2. e4 d6 3. f4 Bg7 4. Nf3 Nf6 5. e5 dxe5 6. fxe5 Ng4 7. Bc4 O-O 8. O-O
b6 9. Bf4 Ba6 10. Bxa6 Nxa6 11. h3 g5 12. Nxg5 1-0

[Event "VII MIEDZYNARODOWY TURNIEJ SZACHOWY - GORA SW. ANNY - Open "A""]
[Site "Gora Sw. Anny"]
[Date "1899-12-30"]
[Round "5.5"]
[White "Kislinsky, Alexey"]
[Black "Cukrowski, Filip"]
[Result "1/2-1/2"]
[WhiteTitle "GM"]
[BlackTitle "k"]
[WhiteElo "2500"]
[BlackElo "2215"]

1. e4 c5 2. Nf3 d6 3. Bb5+ Bd7 4. Bxd7+ Qxd7 5. O-O g6 6. c3 Nf6 7. Re1 Bg7 8.
d4 cxd4 9. cxd4 O-O 10. Nc3 Nc6 11. Bg5 h6 12. Bh4 Nh5 13. Bg3 Rac8 14. Qa4 g5
15. d5 Ne5 16. Bxe5 Qxa4 17. Nxa4 Bxe5 18. Nxe5 dxe5 19. Nc3 Nf6 20. f3 Ne8 21.
Nd1 Nd6 22. Ne3 f6 23. Rac1 Kf7 24. h4 Kg6 25. Kf2 h5 26. hxg5 fxg5 27. Ke2 g4
28. fxg4 Nxe4 29. gxh5+ Kxh5 30. Rxc8 Rxc8 31. Rh1+ Kg6 32. Rh4 Nf6 33. Rb4 b6
34. Rb3 Rd8 35. Rd3 Nh5 36. Rd2 e4 37. Nc4 Nf4+ 38. Ke3 Nxd5+ 39. Kxe4 Nf6+ 40.
Ke5 Rc8 41. b3 Kf7 42. Kf5 e6+ 43. Kf4 Ke7 44. g4 Rf8 45. Rg2 Nh7+ 46. Kg3 Ng5
47. Nd2 e5 48. Kh4 Rg8 49. Re2 Ke6 50. Kg3 Kd5 51. Nc4 Ne4+ 52. Kf3 Rf8+ 53. Ke3
b5 54. Nd2 Nc3 55. Rg2 e4 56. Rh2 Nd1+ 57. Ke2 Nc3+ 58. Ke3 Nd1+ 1/2-1/2

[Event "VII MIEDZYNARODOWY TURNIEJ SZACHOWY - GORA SW. ANNY - Open "A""]
[Site "Gora Sw. Anny"]
[Date "1899-12-30"]
[Round "5.6"]
[White "Lewtak, Dominik"]
[Black "Dobrowolski, Piotr"]
[Result "0-1"]
[WhiteTitle "I+"]
[BlackTitle "IM"]
[WhiteElo "1943"]
[BlackElo "2422"]

1. Nf3 Nf6 2. g3 b5 3. d4 Bb7 4. Bg2 e6 5. Qd3 a6 6. c4 Be4 7. Qb3 Nc6 8. cxb5
Nxd4 9. Nxd4 Bxg2 10. Rg1 Bd5 11. Qe3 Bc5 12. bxa6 O-O 13. Nc3 Rxa6 14. Qd3 Qa8
15. Nxd5 Nxd5 16. a3 Rb8 17. Nc2 Rd6 18. Qc4 Rc6 19. Qd3 Qa4 20. Ne3 Bxe3 21.
fxe3 Nb4 22. Qd1 Nc2+ 23. Kf2 Qe4 24. Rb1 Rd6 25. Bd2 Rb5 26. g4 Rbd5 27. Qf1
Rxd2 28. Qh3 Rxe2+ 29. Kxe2 Qd3+ 30. Kf2 Qd2+ 0-1

[Event "VII MIEDZYNARODOWY TURNIEJ SZACHOWY - GORA SW. ANNY - Open "A""]
[Site "Gora Sw. Anny"]
[Date "1899-12-30"]
[Round "5.7"]
[White "Eggink, Mateusz"]
[Black "Plichta, Kamil"]
[Result "1-0"]
[WhiteTitle "I"]
[BlackTitle "k+"]
[WhiteElo "2075"]
[BlackElo "2248"]

1. e4 c5 2. Nf3 Nc6 3. d4 cxd4 4. Nxd4 g6 5. Nc3 Bg7 6. Be3 Nf6 7. Bc4 Qa5 8. O-O
O-O 9. Bb3 d6 10. h3 Bd7 11. Re1 Rfe8 12. Qe2 Qh5 13. Qc4 Ne5 14. Qf1 g5 15. f3
Qg6 16. Ndb5 Rf8 17. Nc7 Rac8 18. N7d5 Nxd5 19. Nxd5 Nc6 20. Ba4 Rfe8 21. c3 b6
22. Qa6 Kf8 23. Qb7 Red8 24. Bxc6 Rxc6 25. Qxa7 Qe6 26. Bxb6 Rdc8 27. Be3 f6 28.
b4 f5 29. Bxg5 Rxc3 30. Nf4 R3c7 31. Nxe6+ Bxe6 32. Qe3 Rc3 33. Qf4 Bd4+ 34. Kh1
1-0

[Event "VII MIEDZYNARODOWY TURNIEJ SZACHOWY - GORA SW. ANNY - Open "A""]
[Site "Gora Sw. Anny"]
[Date "1899-12-30"]
[Round "5.8"]
[White "Grela, Kacper"]
[Black "Liberadzki, Slawomir"]
[Result "1/2-1/2"]
[WhiteTitle "I+"]
[BlackTitle "k"]
[WhiteElo "2002"]
[BlackElo "2095"]

1. e4 c5 2. Nf3 e6 3. d4 cxd4 4. Nxd4 Nc6 5. Nc3 Qc7 6. Be3 a6 7. Be2 Nf6 8. O-O
Be7 9. f4 d6 10. a4 Bd7 11. Qe1 Nxd4 12. Bxd4 e5 13. Be3 O-O 14. Qg3 Rfd8 15.
a5 exf4 16. Rxf4 d5 17. Bd4 Bc5 18. exd5 Bf5 19. Bxc5 Qxc5+ 20. Qf2 Qxf2+ 21.
Rxf2 Bxc2 22. Bxa6 bxa6 23. Rxc2 Nxd5 24. Nxd5 Rxd5 25. b4 Rb5 26. Rb1 Rab8 27.
Rc6 g6 28. Rxa6 Rxb4 29. Rxb4 Rxb4 30. Kf2 Rb2+ 31. Kf3 Ra2 32. Ra7 h5 33. h4
Kg7 34. g3 Ra3+ 35. Kf4 Ra4+ 36. Kf3 Ra3+ 37. Kf4 Ra4+ 38. Kf3 Ra3+ 39. Kf4 Ra4+
40. Kf3 Ra3+ 1/2-1/2

[Event "VII MIEDZYNARODOWY TURNIEJ SZACHOWY - GORA SW. ANNY - Open "A""]
[Site "Gora Sw. Anny"]
[Date "1899-12-30"]
[Round "5.9"]
[White "Lizak, Jakub"]
[Black "Pultorak, Jan"]
[Result "0-1"]
[WhiteTitle "I"]
[BlackTitle "I"]
[WhiteElo "1948"]
[BlackElo "1933"]

1. e4 c5 2. Nf3 d6 3. d4 cxd4 4. Nxd4 Nf6 5. f3 a6 6. c4 e6 7. Nc3 Be7 8. Be2 O-O
9. Nc2 Qc7 10. Be3 Nc6 11. Qd2 b6 12. O-O Bb7 13. Rfd1 Rfd8 14. Bf1 Rac8 15. Qf2
Nd7 16. Rac1 Nce5 17. Na3 Qb8 18. Na4 Rc6 19. Nxb6 Nxb6 20. Bxb6 Rdc8 21. Be3
d5 22. exd5 exd5 23. c5 Rg6 24. Bd4 Rh6 25. Qg3 Nxf3+ 26. Qxf3 Qxh2+ 27. Kf2 Re6
28. Qh3 Qf4+ 29. Kg1 Rh6 30. g3 Rg6 31. Bg2 Rxg3 32. Qh2 Bxc5 33. Rxc5 Rxc5 34.
Bf2 Rc1 35. Rf1 Rxf1+ 36. Kxf1 Qc1+ 37. Be1 Re3 38. Qb8+ Bc8 39. Qb4 a5 40. Qd2
Ba6+ 41. Kf2 Re2+ 0-1

[Event "VII MIEDZYNARODOWY TURNIEJ SZACHOWY - GORA SW. ANNY - Open "A""]
[Site "Gora Sw. Anny"]
[Date "1899-12-30"]
[Round "5.10"]
[White "Khamidov, Komil"]
[Black "Oszczanowski, Witold"]
[Result "0-1"]
[WhiteTitle "I++"]
[BlackTitle "I+"]
[WhiteElo "2165"]
[BlackElo "2002"]

1. e4 e6 2. d4 d5 3. e5 c5 4. c3 Nc6 5. Nf3 Bd7 6. a3 f6 7. b4 fxe5 8. b5 Nxd4
9. cxd4 exd4 10. Bf4 Nf6 11. Be2 Be7 12. O-O O-O 13. h3 Ne4 14. Bh2 Bd6 15. Ne5
Qc7 16. f4 c4 17. a4 d3 18. Bxd3 cxd3 19. Nxd3 a6 20. bxa6 Rxa6 21. Nd2 Nxd2 22.
Qxd2 Rxa4 23. Rac1 Qb6+ 24. Kh1 Bb5 25. Rfe1 Bxd3 26. Qxd3 Bxf4 27. Bxf4 Raxf4
28. Rb1 Qc6 29. Rec1 Qd7 30. Rb6 Qf7 31. Kh2 Rf2 32. Re1 Qc7+ 0-1

[Event "VII MIEDZYNARODOWY TURNIEJ SZACHOWY - GORA SW. ANNY - Open "A""]
[Site "Gora Sw. Anny"]
[Date "1899-12-30"]
[Round "5.11"]
[White "Kulas, Szymon"]
[Black "Dmochowska, Agnieszka"]
[Result "1-0"]
[WhiteTitle "I++"]
[BlackTitle "WCM"]
[WhiteElo "2009"]
[BlackElo "1841"]

1. d4 Nf6 2. Nf3 e6 3. g3 d5 4. Bg2 c5 5. e3 Nc6 6. O-O Be7 7. b3 O-O 8. Bb2 b6
9. Ne5 Bb7 10. c4 Qd6 11. Nc3 Rfd8 12. f4 Rac8 13. cxd5 exd5 14. Nb5 Qb8 15. Bh3
Nxe5 16. dxe5 Ne4 17. Bxc8 Qxc8 18. f5 Qc6 19. f6 Bf8 20. Nxa7 Qd7 21. fxg7 Bxg7
22. e6 Qxe6 23. Bxg7 Kxg7 24. Rf4 f5 25. Qh5 d4 26. Rxf5 d3 27. Raf1 Rd7 28. R5f4
Kh8 29. Rf8+ Kg7 30. R8f4 Kh8 31. Rg4 Nf6 32. Rxf6 Qxe3+ 33. Rf2 Qe1+ 34. Rf1
Qe3+ 35. Rf2 d2 36. Qe5+ 1-0

[Event "VII MIEDZYNARODOWY TURNIEJ SZACHOWY - GORA SW. ANNY - Open "A""]
[Site "Gora Sw. Anny"]
[Date "1899-12-30"]
[Round "5.12"]
[White "Eggink, Ryszard"]
[Black "Czempiel, Henryk"]
[Result "1-0"]
[WhiteTitle "I++"]
[BlackTitle "I"]
[WhiteElo "2198"]
[BlackElo "1948"]

1. e4 e5 2. Nf3 Nc6 3. Bb5 a6 4. Ba4 Nf6 5. O-O Nxe4 6. d4 b5 7. Bb3 exd4 8. Re1
d5 9. Ng5 Be6 10. Nxe4 dxe4 11. Rxe4 Be7 12. Bxe6 fxe6 13. Rxe6 O-O 14. Rxc6 Bh4
15. g3 Qd5 16. Rxc7 Qd6 17. Rb7 Qd5 18. Rxg7+ Kxg7 19. Qg4+ Kh8 20. Bh6 Qf7 21.
Bxf8 Rxf8 22. Qe2 Re8 23. Qd1 Bf6 24. Nd2 d3 25. cxd3 Bxb2 26. Rb1 Bd4 27. Nf3
Rf8 28. Rb4 Bf6 29. a4 Qe7 30. Re4 Qa3 31. axb5 axb5 32. d4 b4 33. Re3 Qa8 34.
d5 Rd8 35. Rd3 Rd6 36. Qb3 Qb7 37. Qc4 Rb6 38. d6 Qd7 39. Qd5 Rb5 40. Qc4 Rb6
41. Qf4 Kg7 42. Nd4 Kf7 43. Nb3 Kg6 44. g4 Rb5 45. h3 h5 46. Qe4+ Kg7 47. Nd4
Re5 48. Nf5+ Kh7 49. Qxb4 Qc6 50. Qd2 hxg4 51. Qh6+ Kg8 52. Qg6+ 1-0

[Event "VII MIEDZYNARODOWY TURNIEJ SZACHOWY - GORA SW. ANNY - Open "A""]
[Site "Gora Sw. Anny"]
[Date "1899-12-30"]
[Round "5.13"]
[White "Sliwicka, Alicja"]
[Black "Krasiewicz, Robert"]
[Result "0-1"]
[WhiteTitle "WFM"]
[BlackTitle "k+"]
[WhiteElo "1842"]
[BlackElo "2069"]

1. d4 c5 2. d5 Nf6 3. c4 b5 4. Qc2 bxc4 5. e4 Bb7 6. Nc3 e6 7. Bxc4 Qb6 8. Nf3
Na6 9. a3 Be7 10. Na4 Qc7 11. Qe2 exd5 12. exd5 Nb8 13. Bg5 O-O 14. O-O d6 15.
Rfe1 Nbd7 16. Nc3 Rfe8 17. Nb5 Qb8 18. Qc2 Bxd5 19. Bxd5 Nxd5 20. Qd3 N7f6 21.
Rad1 Qb6 22. Bxf6 Bxf6 23. Rxe8+ Rxe8 24. Nxd6 Qxd6 25. Qxd5 Qxd5 26. Rxd5 Bxb2
27. Rxc5 Bxa3 28. Ra5 Rc8 29. Kf1 Rc1+ 30. Ke2 Bc5 31. Kd2 Bb4+ 32. Kxc1 Bxa5
33. Ne5 f6 34. Nd3 Kf7 35. Kc2 Ke6 36. Nb2 Bc7 37. h3 Bb6 38. Nd3 Kf5 39. f3 h5
40. Kc3 Bc7 41. Kd4 Kg5 42. Nc1 a5 43. Ne2 a4 44. Kc4 a3 45. Kb3 Bd6 46. f4+ Kf5
47. Ng3+ Kg6 48. f5+ Kh6 49. Ne4 Bf8 50. h4 Be7 51. Nf2 g6 52. fxg6 Kxg6 53. g4
hxg4 54. Nxg4 f5 55. Ne3 Bc5 56. Ng2 Kh5 57. Ne1 Kxh4 58. Kc2 Kg3 59. Kb3 f4 60.
Nd3 Bd6 61. Kc2 f3 62. Kb3 f2 63. Nxf2 Kxf2 64. Kc3 Ke3 65. Kc2 Kd4 66. Kb3 Kd3
67. Ka2 Kc3 68. Kb1 Kb3 69. Ka1 Be5+ 0-1

[Event "VII MIEDZYNARODOWY TURNIEJ SZACHOWY - GORA SW. ANNY - Open "A""]
[Site "Gora Sw. Anny"]
[Date "1899-12-30"]
[Round "6.1"]
[White "Stachowiak, Kamil"]
[Black "Sadzikowski, Daniel"]
[Result "1/2-1/2"]
[WhiteTitle "IM"]
[BlackTitle "IM"]
[WhiteElo "2442"]
[BlackElo "2470"]

1. Nf3 d5 2. d4 Nf6 3. c4 dxc4 4. Qa4+ Nbd7 5. Qxc4 e6 6. g3 a6 7. a4 b6 8. Bg2
Bb7 9. O-O c5 10. Nc3 Rc8 11. Rd1 cxd4 12. Qxd4 Bc5 13. Qh4 Qe7 14. Bg5 h6 15.
Nd2 Bxg2 16. Kxg2 O-O 17. Bxf6 Nxf6 18. Nde4 Qb7 19. f3 Nd5 20. Nxd5 exd5 21.
Nc3 Rce8 22. Kf1 d4 23. Ne4 f5 24. Nf2 a5 25. Nd3 Qd5 26. Rac1 Re3 27. Qh5 Rfe8
28. Nf4 Qe5 29. Rc2 Bd6 30. Rd3 Rxd3 31. Nxd3 Qe6 32. Qh4 Qb3 33. Qh5 Qe6 34.
Qh4 Qb3 35. Qh5 Qxa4 36. Qg6 Qd7 37. Rc4 Bc5 38. Nxc5 bxc5 39. Rxc5 Qe7 40. Rc2
d3 41. exd3 Qe1+ 42. Kg2 Re2+ 43. Rxe2 Qxe2+ 44. Kg1 Qe1+ 45. Kg2 Qd2+ 46. Kh3
Qxd3 47. Qe6+ Kh7 48. f4 a4 49. Kg2 Qb5 50. Kh3 1/2-1/2

[Event "VII MIEDZYNARODOWY TURNIEJ SZACHOWY - GORA SW. ANNY - Open "A""]
[Site "Gora Sw. Anny"]
[Date "1899-12-30"]
[Round "6.2"]
[White "Nurkiewicz, Maciej"]
[Black "Obrusnik, Michal"]
[Result "1-0"]
[WhiteTitle "m"]
[BlackTitle "k+"]
[WhiteElo "2390"]
[BlackElo "2278"]

1. e4 c5 2. Nf3 d6 3. d4 cxd4 4. Nxd4 Nf6 5. Nc3 a6 6. Bg5 Nbd7 7. f4 Qc7 8. Qf3
b5 9. O-O-O Bb7 10. a3 g6 11. h4 Bg7 12. Bxf6 Bxf6 13. g4 Qb6 14. Nb3 Rc8 15.
Nd5 Bxd5 16. Rxd5 Qc6 17. Rd2 Nb6 18. g5 Bg7 19. Na5 Qc7 20. Bh3 Rb8 21. e5 Nc4
22. Nxc4 bxc4 23. c3 dxe5 24. Bd7+ Kf8 25. f5 e4 26. Qxe4 Qe5 27. Qc6 gxf5 28.
Bc8 f6 29. Rd8+ Kf7 30. Qxc4+ Kg6 31. Rxh8 Bxh8 32. Qg8+ Kh5 33. Qxh7+ Kg4 34.
Bxf5+ Kg3 35. gxf6 Kf2 36. Qg6 Qf4+ 37. Kb1 Rg8 38. Qxg8 Qxf5+ 39. Ka1 1-0

[Event "VII MIEDZYNARODOWY TURNIEJ SZACHOWY - GORA SW. ANNY - Open "A""]
[Site "Gora Sw. Anny"]
[Date "1899-12-30"]
[Round "6.3"]
[White "Dobrowolski, Piotr"]
[Black "Rozycki, Bartlomiej"]
[Result "1/2-1/2"]
[WhiteTitle "IM"]
[BlackTitle "I++"]
[WhiteElo "2422"]
[BlackElo "2097"]

1. d4 Nf6 2. c4 e6 3. Nc3 Bb4 4. Nf3 b6 5. g3 Bb7 6. Bg2 O-O 7. O-O d6 8. Qc2 Bxc3
9. Qxc3 Nbd7 10. b3 Ne4 11. Qc2 f5 12. Bb2 Qe8 13. Rad1 Qh5 14. d5 e5 15. Nh4
Ng5 16. Nxf5 Nh3+ 17. Bxh3 Qxh3 18. e4 Nf6 19. f3 Rae8 20. b4 Bc8 21. Ne3 g5 22.
c5 g4 23. f4 Qh6 24. Ng2 exf4 25. Rxf4 Nxe4 26. Rxf8+ Qxf8 27. Rf1 Qh6 28. Re1
Nf6 29. Rxe8+ Nxe8 30. cxb6 axb6 31. Nf4 Qf8 32. a4 Qf5 33. Qxf5 Bxf5 34. a5 bxa5
35. bxa5 Bc8 36. Kf2 Bb7 37. Ke3 Kf7 38. Kd3 c6 39. dxc6 Bxc6 40. Kc4 Nc7 41.
Nd3 Ke6 42. Nb4 Bb5+ 43. Kd4 Na6 44. Nd5 Bc6 45. Nf4+ Ke7 46. Ba3 Nc7 47. Ke3
Nd5+ 48. Nxd5+ Bxd5 49. Kf4 Kd7 50. Kxg4 Kc6 51. Bc1 Bc4 52. Kf5 h5 53. Kg5 Be2
54. h3 d5 55. Be3 Kb5 1/2-1/2

[Event "VII MIEDZYNARODOWY TURNIEJ SZACHOWY - GORA SW. ANNY - Open "A""]
[Site "Gora Sw. Anny"]
[Date "1899-12-30"]
[Round "6.4"]
[White "Kriebel, Tadeas"]
[Black "Kislinsky, Alexey"]
[Result "0-1"]
[WhiteTitle "FM"]
[BlackTitle "GM"]
[WhiteElo "2375"]
[BlackElo "2500"]

1. e4 d6 2. d4 Nf6 3. Nc3 g6 4. f4 Bg7 5. Nf3 O-O 6. Be3 Nbd7 7. Be2 c5 8. dxc5
Ng4 9. Bg1 Bxc3+ 10. bxc3 Nxc5 11. Nd2 Nf6 12. Bf3 Qc7 13. Be3 Bd7 14. c4 Bc6
15. Bxc5 dxc5 16. e5 Ne8 17. Bxc6 Qxc6 18. Qf3 Qd7 19. Rd1 Ng7 20. O-O Qd4+ 21.
Qf2 Nf5 22. Qxd4 cxd4 23. Rb1 b6 24. Rf3 Rac8 25. Ra3 Rc7 26. Rd3 Rd8 27. Kf2
h5 28. Kf3 Kg7 29. g3 Rdd7 30. Ke4 f6 31. Rb5 fxe5 32. Kxe5 e6 33. a4 Nd6 34.
Rb4 Kf7 35. Ne4 Nxc4+ 36. Rxc4 Rd5# 37. Kxd4 0-1

[Event "VII MIEDZYNARODOWY TURNIEJ SZACHOWY - GORA SW. ANNY - Open "A""]
[Site "Gora Sw. Anny"]
[Date "1899-12-30"]
[Round "6.5"]
[White "Simantsev, Mikhail"]
[Black "Cukrowski, Filip"]
[Result "1-0"]
[WhiteTitle "GM"]
[BlackTitle "k"]
[WhiteElo "2459"]
[BlackElo "2215"]

1. d4 Nf6 2. c4 e6 3. Nf3 b6 4. g3 Ba6 5. Qb3 c5 6. d5 exd5 7. cxd5 d6 8. Nc3 Be7
9. Bg2 Nbd7 10. O-O O-O 11. a4 Re8 12. h3 Rc8 13. Qc2 g6 14. b3 Nh5 15. Re1 Bf6
16. Bb2 Ne5 17. Nd2 Bg7 18. Kh2 g5 19. Nb5 Qe7 20. Nc4 Nxc4 21. bxc4 Bxb5 22.
axb5 Rc7 23. Bxg7 Nxg7 24. e4 Qf6 25. Qd2 h5 26. Ra3 h4 27. gxh4 gxh4 28. f4 Nh5
29. Rf3 Rce7 30. e5 Qh6 31. Qf2 Ng3 32. Rd3 f5 33. Rde3 Kf8 34. Bf1 Rg7 35. Bd3
Ree7 36. exd6 Qxd6 37. Re6 Rxe6 38. Rxe6 Qd7 39. Qb2 Qd8 40. Qe5 1-0

[Event "VII MIEDZYNARODOWY TURNIEJ SZACHOWY - GORA SW. ANNY - Open "A""]
[Site "Gora Sw. Anny"]
[Date "1899-12-30"]
[Round "6.6"]
[White "Liberadzki, Slawomir"]
[Black "Eggink, Mateusz"]
[Result "0-1"]
[WhiteTitle "k"]
[BlackTitle "I"]
[WhiteElo "2095"]
[BlackElo "2075"]

1. c4 c5 2. Nc3 Nc6 3. g3 g6 4. Bg2 Bg7 5. Nf3 d6 6. d3 Nf6 7. O-O O-O 8. Bd2 Bd7
9. a3 Rb8 10. Rb1 a6 11. b4 cxb4 12. axb4 b5 13. cxb5 axb5 14. d4 Bf5 15. Ra1
Bg4 16. d5 Bxf3 17. exf3 Ne5 18. Qe2 Nc4 19. Ra7 Qb6 20. Be3 Nxe3 21. Qxe3 Qxe3
22. fxe3 Rfc8 23. Ra3 Nd7 24. Bh3 f5 25. Ne2 Nb6 26. e4 Rc2 27. Nf4 Nc4 28. Rd3
fxe4 29. fxe4 Nd2 30. Rf2 Rc1+ 31. Kg2 Nxe4 32. Re2 Rc4 33. Rde3 Nc3 34. Rd2 Bf6
35. Rdd3 Ra8 36. Ne6 Ra2+ 37. Kf3 Rxh2 38. Bf1 Rc2 39. g4 Bh4 40. Be2 Nxe2 41.
Rxe2 Rxe2 42. Kxe2 Rxg4 43. Rd4 Rxd4 44. Nxd4 Kf7 45. Nxb5 e6 46. Ke3 exd5 47.
Kd4 Be1 48. Nxd6+ Ke6 49. Nb5 Bf2+ 50. Kd3 h5 51. Nc7+ Kd6 52. Nb5+ Kc6 53. Nc3
g5 54. Ke2 Bd4 55. Nd1 g4 56. Kd3 g3 57. b5+ Kb6 58. Ne3 Bxe3 59. Kxe3 Kxb5 60.
Kf3 h4 0-1

[Event "VII MIEDZYNARODOWY TURNIEJ SZACHOWY - GORA SW. ANNY - Open "A""]
[Site "Gora Sw. Anny"]
[Date "1899-12-30"]
[Round "6.7"]
[White "Pultorak, Jan"]
[Black "Piotrowski, Przemyslaw"]
[Result "0-1"]
[WhiteTitle "I"]
[BlackTitle "I++"]
[WhiteElo "1933"]
[BlackElo "2062"]

1. d4 Nf6 2. c4 g6 3. Nc3 Bg7 4. e4 d6 5. Nf3 O-O 6. Be2 e5 7. O-O Nc6 8. Be3 Re8
9. dxe5 dxe5 10. Qxd8 Nxd8 11. Nd5 Ne6 12. Ng5 Nf4 13. Bxf4 Nxd5 14. Bg3 Nf4 15.
Bd1 h6 16. Nf3 f5 17. Ba4 c6 18. exf5 Bxf5 19. Rad1 Nd3 20. Rd2 e4 21. Nh4 Bxb2
22. Rb1 Bd4 23. Nxf5 gxf5 24. Kf1 Bb6 25. Bb3 Kh7 26. Bc2 Rad8 27. Bxd3 exd3 28.
c5 Ba5 29. Rxb7+ Kg6 30. Rd1 d2 31. f3 Rd5 32. Rxa7 Rxc5 33. Rxa5 Rc1 0-1